On This Day: March 11th II Quiz Stats

 Plays Quiz Updated Mar 11, 2018

Score 0/7 Timer 03:00
0 Plays Today
Question Answer Wrong Answers
The first confirmed case of ______ flu occurs, the start of a devastating worldwide pandemic.
1918
Spanish
92.2%
German
5.6%
French
1.1%
Italian
0.6%
An earthquake measuring 9.0 in magnitude strikes off the coast of this country, triggering a catastrophic tsunami and one of the worst nuclear accidents in history.
2011
Japan
83.5%
Chile
5.5%
Mexico
1.8%
India
7.1%
This Australian-American media mogul, founder of News Corporation, is born.
1931
Rupert Murdoch
80.6%
Warren Buffett
5.4%
Ted Turner
12%
Jim Kennedy
0.8%
The United States Department of War creates the Bureau of ______ Affairs.
1824
Indian
79.5%
Tribal
6.1%
Indigenous
12.1%
Aboriginal
2.1%
This woman is confirmed by the United States Senate, and is sworn in as the first female Attorney General of the United States the next day.
1993
Janet Reno
63.6%
Ruth Bader Ginsburg
9.2%
Madeleine Albright
22.5%
Loretta Lynch
3%
United States President Franklin D. Roosevelt signs the ______ into law, allowing American-built war supplies to be shipped to the Allies on loan.
1941
Lend-Lease Act
62.3%
Homestead Act
15.4%
Wagner Act
6.5%
Taft-Hartley Act
14.1%
Ten simultaneous, coordinated terrorist explosions occur aboard four commuter trains during rush hour in this European capital city.
2004
Madrid
43.9%
London
32.5%
Rome
1.3%
Paris
20.3%

You're not logged in!

Compare scores with friends on all Sporcle quizzes.
OR
Log In

You Might Also Like...

Show Comments

Extras

Top Quizzes Today


Score Distribution

Your Account Isn't Verified!

In order to create a playlist on Sporcle, you need to verify the email address you used during registration. Go to your Sporcle Settings to finish the process.

Report this User

Report this user for behavior that violates our Community Guidelines.

Details: